| 000 | 00949nam a22002657a 4500 | ||
|---|---|---|---|
| 005 | 20240530110917.0 | ||
| 008 | 220221s2007 ua c g b 000 0 ara d | ||
| 017 |
_bمصر. دار الكتب _a2007/7458 |
||
| 020 | _a9774084659 | ||
| 040 |
_aEG-CaGPL _cEG-CaGPL |
||
| 082 | 0 | 4 |
_221 _a332.82 / _bك ح |
| 100 | 0 | _aكويل ، برايان | |
| 245 | 1 | 2 |
_aالحماية من مخاطر معدلات الفائدة / _cكويل ، برايان ؛ ترجمة خالد العامرى |
| 250 | _aط.1 | ||
| 260 |
_aالقاهرة : _bدار الفاروق للاستثمارات الثقافية، _c2007 |
||
| 300 |
_a176 ص؛ _c24 سم |
||
| 650 | 0 | 7 |
_aالفائدة _2qrmak |
| 650 | 0 | 7 | _aالقروض |
| 650 | 0 | 7 | _aالقروض المصرفية |
| 650 | 0 | 7 |
_aمحفظة السندات _2qrmak |
| 651 | _2qrmak | ||
| 700 | 0 |
_aخالد العامرى _eمترجم |
|
| 942 |
_2ddc _cBK |
||
| 999 |
_c66409 _d66409 |
||